00439nam a2200169 a 4500001001300000003000900013005001700022008004100039020001000080082001400090245002400104260004700128500003500175505001000210650001600220710003300236nice12345678IN_TiNIC20260116011319.0050524s1925 mada grp 000 0 eng  ac10000a239bCLS1 aIslam Series-Tracts aMadrasbChristian Literature Societyc1925 aincludes index and biblioraphy2 aindex aApologetics2 aChristian Literature Society